[Event "XXXV Festival Conca della Presolana A"]
[Site "Castione della Presolana ITA"]
[Date "2015.08.24"]
[Round "2"]
[White "Rossini, Fulvio"]
[Black "Manoni, Emmanuel Denis"]
[WhiteElo "1964"]
[BlackElo "1892"]
[Result "1/2-1/2"]
[PlyCount "85"]
[EventDate "2015.08.23"]

1. e4 c5 2. Nc3 d6 3. Nf3 Nf6 4. g3 Nc6 5. Bg2 g6 6. O-O Bg7 7. Re1 O-O 8. d3
Bg4 9. h3 Bxf3 10. Bxf3 Nd4 11. Bg2 Ne8 12. Ne2 e5 13. c3 Nxe2+ 14. Qxe2 Nc7
15. Be3 Ne6 16. Rf1 g5 17. Qh5 Qf6 18. a3 a5 19. b4 b6 20. Bd2 axb4 21. axb4 h6
22. bxc5 bxc5 23. Qe2 Qe7 24. Be3 Ra7 25. Qb2 Rfa8 26. Rxa7 Qxa7 27. Rb1 Qa6
28. Bf1 Qa3 29. Be2 Qxb2 30. Rxb2 Ra3 31. Bd2 Ra7 32. Bg4 Bf6 33. Bxe6 fxe6 34.
h4 Kg7 35. hxg5 hxg5 36. Kf1 Kf7 37. Ke2 Be7 38. Kf3 Kg6 39. Ke2 Kf7 40. Kd1
Kg6 41. c4 Kf7 42. f3 Kg6 43. Ke2 1/2-1/2

[Event "XXXV Festival Conca della Presolana A"]
[Site "Castione della Presolana ITA"]
[Date "2015.08.24"]
[Round "2"]
[White "Saracco, Marco"]
[Black "Mascheroni, Maurizio"]
[WhiteElo "1810"]
[BlackElo "1945"]
[Result "1/2-1/2"]
[PlyCount "39"]
[EventDate "2015.08.23"]

1. d4 Nf6 2. Nf3 e6 3. e3 b6 4. Bd3 Bb7 5. Nbd2 d5 6. O-O Nbd7 7. b3 Be7 8. Bb2
O-O 9. Rc1 c5 10. c4 Rc8 11. Re1 Ne4 12. Ne5 Nxd2 13. Qxd2 Nxe5 14. dxe5 dxc4
15. bxc4 Qc7 16. Qc3 g6 17. Rcd1 Rfd8 18. Rd2 Rd7 19. Red1 Rcd8 20. Be2 1/2-1/2

[Event "XXXV Festival Conca della Presolana A"]
[Site "Castione della Presolana ITA"]
[Date "2015.08.25"]
[Round "3"]
[White "Boccalatte, Piero"]
[Black "Saracco, Marco"]
[WhiteElo "1913"]
[BlackElo "1810"]
[Result "1/2-1/2"]
[PlyCount "57"]
[EventDate "2015.08.23"]

1. e4 e6 2. d4 d5 3. Nc3 Nf6 4. Bg5 dxe4 5. Nxe4 Be7 6. Nxf6+ Bxf6 7. Bxf6 Qxf6
8. Nf3 O-O 9. Bd3 Nd7 10. Qe2 c5 11. c3 b6 12. Qe4 g6 13. Qxa8 Ba6 14. Qxf8+
Kxf8 15. Bxa6 e5 16. O-O cxd4 17. cxd4 e4 18. Ne5 Nxe5 19. dxe5 Qxe5 20. b3 Kg7
21. Rae1 f5 22. f3 Qc5+ 23. Kh1 e3 24. Re2 f4 25. g3 g5 26. g4 Qc6 27. h4 b5
28. Bxb5 Qxb5 29. Rfe1 1/2-1/2

[Event "XXXV Festival Conca della Presolana A"]
[Site "Castione della Presolana ITA"]
[Date "2015.08.25"]
[Round "3"]
[White "Bossi, Alessandro"]
[Black "Guerini, Silvia jr"]
[WhiteElo "2043"]
[BlackElo "1869"]
[Result "1-0"]
[PlyCount "129"]
[EventDate "2015.08.23"]

1. c4 Nf6 2. Nc3 g6 3. b3 Bg7 4. Bb2 O-O 5. g3 d6 6. Bg2 Nc6 7. Nf3 e5 8. d3
Nd7 9. h4 Nf6 10. Qd2 a6 11. e3 Re8 12. Rc1 Nh5 13. O-O f5 14. Ng5 Ne7 15. Ne2
h6 16. Nh3 Rf8 17. d4 f4 18. exf4 Bxh3 19. Bxh3 exf4 20. Be6+ Kh7 21. d5 f3 22.
Bxg7 Kxg7 23. Nd4 c5 24. dxc6 Nxc6 25. Bd5 Nxd4 26. Qxd4+ Kh7 27. Qg4 Qf6 28.
Rce1 Ng7 29. Re3 Qb2 30. Rfe1 h5 31. Qg5 Rae8 32. Rxe8 Rxe8 33. Rxe8 Nxe8 34.
Bf7 Qb1+ 35. Kh2 Qe4 36. Bd5 Qe2 37. Qe3 Qxe3 38. fxe3 b6 39. Bb7 a5 40. Bxf3
Kg7 41. Kg2 Kf6 42. Be4 g5 43. Kf3 Ng7 44. hxg5+ Kxg5 45. Bc6 Kf5 46. Bd7+ Ke5
47. a3 Kf6 48. Kf4 Ke7 49. Bh3 Kf6 50. Bc8 Ne8 51. Bd7 Ng7 52. Ke4 Ke7 53. Bh3
Kd8 54. Kd5 Kc7 55. a4 Ne8 56. Ke6 Kc6 57. Kf7 Nc7 58. Kg6 Kc5 59. Bd7 Kb4 60.
Kxh5 Kxb3 61. g4 Kxc4 62. g5 Nd5 63. Be6 Kc5 64. Bxd5 Kxd5 65. g6 1-0

[Event "XXXV Festival Conca della Presolana A"]
[Site "Castione della Presolana ITA"]
[Date "2015.08.25"]
[Round "3"]
[White "Bracci, Andrea"]
[Black "Asperti, Giovanni"]
[WhiteElo "1878"]
[BlackElo "1759"]
[Result "1/2-1/2"]
[PlyCount "136"]
[EventDate "2015.08.23"]

1. e4 c5 2. Nf3 d6 3. d4 cxd4 4. Nxd4 Nf6 5. Nc3 a6 6. Be2 e5 7. Nb3 Be6 8. Be3
Be7 9. O-O Nbd7 10. a4 Bxb3 11. cxb3 Nc5 12. f3 O-O 13. b4 Ne6 14. b5 a5 15.
Nd5 Nxd5 16. Qxd5 b6 17. Rfc1 Nc5 18. Rc4 Qc7 19. b4 axb4 20. Rxb4 Ra7 21. a5
Rxa5 22. Rxa5 bxa5 23. b6 Qb7 24. Qxb7 Nxb7 25. Rb1 Rb8 26. Bc4 Kf8 27. Bd5 Bd8
28. Kf1 a4 29. Ke2 a3 30. Ra1 Nc5 31. Bxc5 dxc5 32. b7 Ke7 33. Rxa3 Bc7 34. Ra8
Kd7 35. Kd3 f6 36. Kc4 Bd6 37. g4 h6 38. h4 Kc7 39. Kb5 Be7 40. h5 Bd6 41. Rxb8
Kxb8 42. Kc6 Bc7 43. Kxc5 Ba5 44. Kc6 Bd2 45. Kd7 Bg5 46. Ke8 Kc7 47. Kf7 Kb8
48. Kxg7 Kc7 49. Kf7 Kb8 50. Ke6 Kc7 51. Bc6 Kb8 52. Kd7 Bf4 53. Bd5 Be3 54.
Bc6 Bf4 55. Kd8 Be3 56. Ke7 Bg5 57. Bd5 Kc7 58. Ke6 Kb8 59. Kd7 Be3 60. Kc6 Bf4
61. Kb6 Be3+ 62. Kb5 Bd2 63. Kc6 Be3 64. Kd6 Bf4 65. Bc6 Be3 66. Ke7 Bg5 67.
Ke6 Kc7 68. Bd5 Kb8 1/2-1/2

[Event "XXXV Festival Conca della Presolana A"]
[Site "Castione della Presolana ITA"]
[Date "2015.08.25"]
[Round "3"]
[White "Cerutti, Fabio Maria"]
[Black "Lavorgna, Giovanni"]
[WhiteElo "1805"]
[BlackElo "1914"]
[Result "0-1"]
[PlyCount "42"]
[EventDate "2015.08.23"]

1. e4 c5 2. Nc3 e6 3. g3 Nc6 4. Bg2 Nf6 5. d3 Be7 6. Nge2 d5 7. exd5 exd5 8.
Bg5 O-O 9. O-O d4 10. Bxf6 Bxf6 11. Ne4 Be7 12. Nf4 f5 13. Nd2 Bg5 14. Bd5+ Kh8
15. Ne6 Qxd5 16. Nxg5 f4 17. Nge4 f3 18. Kh1 Qh5 19. Rg1 Ne5 20. Nf1 Bh3 21.
Ned2 Ng4 0-1

[Event "XXXV Festival Conca della Presolana A"]
[Site "Castione della Presolana ITA"]
[Date "2015.08.25"]
[Round "3"]
[White "De Marco, Walter"]
[Black "Rorato, Renzo"]
[WhiteElo "1875"]
[BlackElo "1963"]
[Result "0-1"]
[PlyCount "74"]
[EventDate "2015.08.23"]

1. b3 e5 2. Bb2 Nc6 3. e3 Bd6 4. Bb5 Nge7 5. Ne2 a6 6. Bxc6 Nxc6 7. d3 O-O 8.
Nd2 Re8 9. e4 Bf8 10. O-O d5 11. exd5 Qxd5 12. Nc3 Qd8 13. Nce4 Nd4 14. h3 b5
15. Nf3 Bb7 16. Nxd4 exd4 17. Qh5 g6 18. Qd1 f5 19. Ng3 Qd5 20. Qf3 Qxf3 21.
gxf3 c5 22. f4 b4 23. Bc1 h5 24. f3 h4 25. Nh1 Re2 26. Rf2 Re1+ 27. Kg2 Rae8
28. Bb2 Rxa1 29. Bxa1 Re1 30. Bb2 Rb1 31. Bxd4 cxd4 32. Re2 Kf7 33. Re5 Bd6 34.
Ra5 Rb2 35. Nf2 Rxc2 36. a4 Bxf4 37. Kf1 Bc7 0-1

[Event "XXXV Festival Conca della Presolana A"]
[Site "Castione della Presolana ITA"]
[Date "2015.08.25"]
[Round "3"]
[White "De Maria, Isaia"]
[Black "Gennaro, Isabella"]
[WhiteElo "1794"]
[BlackElo "1875"]
[Result "0-1"]
[PlyCount "82"]
[EventDate "2015.08.23"]

1. e4 c5 2. c3 Nf6 3. e5 Nd5 4. Nf3 Nc6 5. d4 cxd4 6. cxd4 d6 7. Bc4 Nb6 8. Bb5
d5 9. Nc3 e6 10. Bg5 Be7 11. Bxe7 Qxe7 12. O-O O-O 13. Rc1 Bd7 14. Bd3 Nb4 15.
Bb1 Nc4 16. a3 Nc6 17. Qd3 g6 18. Qe2 f6 19. Rfe1 fxe5 20. dxe5 a6 21. Nd1 N6a5
22. Bd3 Rac8 23. Ne3 Nb3 24. Rc2 Rxf3 25. Qxf3 Nd4 26. Qg3 Nxc2 27. Nxc2 Nxb2
28. Rb1 Nxd3 29. Qxd3 Qc5 30. Nd4 Qc7 31. f4 Qc5 32. Kf1 Rf8 33. g3 g5 34. Qe3
gxf4 35. gxf4 Qc4+ 36. Ne2 Bb5 37. Re1 Rxf4+ 38. Kg2 Qe4+ 39. Qxe4 Rxe4 40. Kf3
Bxe2+ 41. Kf2 Bc4 0-1

[Event "XXXV Festival Conca della Presolana A"]
[Site "Castione della Presolana ITA"]
[Date "2015.08.25"]
[Round "3"]
[White "Dormio, Luca"]
[Black "Dubois, Martine"]
[WhiteElo "1770"]
[BlackElo "1982"]
[Result "0-1"]
[PlyCount "67"]
[EventDate "2015.08.23"]

1. b3 d5 2. Bb2 Bg4 3. Nf3 Bxf3 4. exf3 e6 5. g3 Nf6 6. Bg2 g6 7. O-O Bg7 8. d3
O-O 9. f4 c6 10. Nd2 Nh5 11. Qc1 a5 12. Nf3 a4 13. a3 axb3 14. cxb3 Qb6 15. b4
Nd7 16. Ne5 Rfd8 17. Qe3 Qxe3 18. fxe3 Nxe5 19. fxe5 Bh6 20. Kf2 Ng7 21. g4 Ne8
22. Ke2 Bg5 23. Bd4 Ra4 24. Rfb1 Rda8 25. b5 c5 26. Bxc5 Rxg4 27. Bf3 Rh4 28.
Rh1 Nc7 29. e4 Nxb5 30. exd5 Nc3+ 31. Kf2 exd5 32. Bb4 d4 33. Bxb7 Be3+ 34. Kf3
0-1

[Event "XXXV Festival Conca della Presolana A"]
[Site "Castione della Presolana ITA"]
[Date "2015.08.25"]
[Round "3"]
[White "Foglieni, Matteo"]
[Black "Di Paolo, Marco"]
[WhiteElo "1969"]
[BlackElo "1908"]
[Result "1/2-1/2"]
[PlyCount "117"]
[EventDate "2015.08.23"]

1. c4 e5 2. Nc3 Nf6 3. g3 d5 4. cxd5 Nxd5 5. Bg2 Nxc3 6. bxc3 Nc6 7. d3 Bd7 8.
Nf3 Bc5 9. O-O O-O 10. Nxe5 Nxe5 11. d4 Bd6 12. dxe5 Bxe5 13. Rb1 Rb8 14. Ba3
Re8 15. Bxb7 Bxc3 16. Qd3 Bc8 17. Be4 Qxd3 18. Bxd3 Be6 19. Rxb8 Rxb8 20. Rc1
Ba5 21. Bc4 Bh3 22. Rd1 g6 23. Be7 Kg7 24. Bc5 Bb6 25. Bxb6 cxb6 26. a4 Rc8 27.
Bb5 Rc7 28. f3 Be6 29. Kf2 Kf6 30. Ra1 Ke7 31. a5 Bd7 32. axb6 axb6 33. Bd3 Kd6
34. Rb1 Kc5 35. Rc1+ Kd6 36. Rb1 Kc5 37. Bc4 f6 38. e4 b5 39. Bg8 Bc6 40. Ke3
Rg7 41. Bb3 Re7 42. Rc1+ Kb6 43. Kd4 Ra7 44. Kc3 Rc7 45. Kb4 Rd7 46. Rd1 Rxd1
47. Bxd1 g5 48. Be2 g4 49. fxg4 Bxe4 50. Bxb5 Bd5 51. Bc4 Bf3 52. Be6 Kc6 53.
Kc4 Kd6 54. Bf5 h6 55. Kd4 Bd5 56. Be4 Ba2 57. h4 Bb3 58. Bb7 Bc2 59. Be4
1/2-1/2

[Event "XXXV Festival Conca della Presolana A"]
[Site "Castione della Presolana ITA"]
[Date "2015.08.25"]
[Round "3"]
[White "Izzo, Riccardo"]
[Black "Lazzarini, Sabrina"]
[WhiteElo "1732"]
[BlackElo "1786"]
[Result "1/2-1/2"]
[PlyCount "41"]
[EventDate "2015.08.23"]

1. d4 d5 2. c4 c6 3. cxd5 cxd5 4. Nc3 Nf6 5. Nf3 Nc6 6. Bf4 a6 7. e3 Bf5 8. Ne5
Qb6 9. Qd2 e6 10. Rc1 Bb4 11. f3 Nh5 12. g4 Nxf4 13. Nxc6 bxc6 14. gxf5 Nh5 15.
a3 Be7 16. Bd3 Bh4+ 17. Ke2 exf5 18. Na4 Qc7 19. Qc3 O-O 20. Qxc6 Qe7 21. Qc7
1/2-1/2

[Event "XXXV Festival Conca della Presolana A"]
[Site "Castione della Presolana ITA"]
[Date "2015.08.25"]
[Round "3"]
[White "Manoni, Emmanuel Denis"]
[Black "Bosio, Devis"]
[WhiteElo "1892"]
[BlackElo "1971"]
[Result "0-1"]
[PlyCount "100"]
[EventDate "2015.08.23"]

1. Nf3 f5 2. d3 d6 3. e4 e5 4. Nc3 Nf6 5. Bg5 Be7 6. g3 Nc6 7. Bg2 Be6 8. O-O
O-O 9. Re1 h6 10. Bxf6 Bxf6 11. exf5 Bxf5 12. Nd5 Qd7 13. Rb1 Rf7 14. Nd2 Raf8
15. Rf1 Bd8 16. Ne3 Be6 17. c4 Nd4 18. Nc2 Bg4 19. f3 Nxc2 20. Qxc2 Bh5 21. f4
c6 22. fxe5 dxe5 23. Ne4 Qd4+ 24. Kh1 Rxf1+ 25. Rxf1 Rxf1+ 26. Bxf1 Bb6 27. c5
Bf3+ 28. Bg2 Bxe4 29. Bxe4 Bxc5 30. Qc4+ Kf8 31. Qxd4 Bxd4 32. b3 Ke7 33. a4
Kd6 34. Bf5 Kc5 35. Kg2 Kb4 36. Bc8 Kxb3 37. Bxb7 Kxa4 38. Bxc6+ Kb4 39. Kf3 a5
40. Ke2 a4 41. Kd2 Kb3 42. Kc1 a3 43. Bd5+ Kc3 44. Bc4 e4 45. g4 exd3 46. Bd5
d2+ 47. Kd1 Be3 48. h4 Kb2 49. g5 hxg5 50. hxg5 a2 0-1

[Event "XXXV Festival Conca della Presolana A"]
[Site "Castione della Presolana ITA"]
[Date "2015.08.25"]
[Round "3"]
[White "Marchini, Daniele"]
[Black "Mortola, Alberto"]
[WhiteElo "1885"]
[BlackElo "1994"]
[Result "1/2-1/2"]
[PlyCount "98"]
[EventDate "2015.08.23"]

1. d4 f5 2. Nf3 Nf6 3. g3 g6 4. Bg2 Bg7 5. O-O O-O 6. b3 Ne4 7. Bb2 d5 8. Nbd2
c5 9. c4 e6 10. Ne5 Nc6 11. Nxc6 bxc6 12. e3 Ba6 13. Re1 Rb8 14. Rb1 Nxd2 15.
Qxd2 dxc4 16. bxc4 Bxc4 17. Rbc1 Bxa2 18. Rxc5 Bd5 19. Bxd5 cxd5 20. Ba3 Rf7
21. Qc3 Rfb7 22. Rc1 Rb3 23. Rc8 Rxc3 24. Rxd8+ Rxd8 25. Rxc3 Rd7 26. Rc6 Kf7
27. Bc5 e5 28. Ra6 exd4 29. exd4 f4 30. Kg2 fxg3 31. Kxg3 Bf8 32. Bxa7 Bd6+ 33.
Kg4 h5+ 34. Kg5 Bxh2 35. f4 Bg1 36. Bc5 Bf2 37. Rf6+ Kg8 38. Rxg6+ Rg7 39. Kxh5
Kf7 40. Rxg7+ Kxg7 41. Kg5 Kf7 42. Kf5 Bg3 43. Bd6 Bh2 44. Be5 Bg1 45. Kg4 Bf2
46. f5 Be1 47. Bf4 Bc3 48. Be3 Kf6 49. Bf2 Bb2 1/2-1/2

[Event "XXXV Festival Conca della Presolana A"]
[Site "Castione della Presolana ITA"]
[Date "2015.08.25"]
[Round "3"]
[White "Mascheroni, Maurizio"]
[Black "Casartelli, Fabio"]
[WhiteElo "1945"]
[BlackElo "1816"]
[Result "1/2-1/2"]
[PlyCount "29"]
[EventDate "2015.08.23"]

1. e4 d5 2. exd5 Nf6 3. Nc3 Nxd5 4. Nxd5 Qxd5 5. Nf3 Bg4 6. Be2 Nc6 7. O-O e5
8. d3 Bc5 9. Be3 O-O 10. Bxc5 Qxc5 11. h3 Bh5 12. c3 Rad8 13. Ne1 Bxe2 14. Qxe2
f5 15. Nf3 1/2-1/2

[Event "XXXV Festival Conca della Presolana A"]
[Site "Castione della Presolana ITA"]
[Date "2015.08.25"]
[Round "3"]
[White "Papa, Angelo"]
[Black "Fiscato, Claudio"]
[WhiteElo "1744"]
[BlackElo "1742"]
[Result "1/2-1/2"]
[PlyCount "35"]
[EventDate "2015.08.23"]

1. d4 Nf6 2. c4 e6 3. Nf3 Bb4+ 4. Bd2 Be7 5. Nc3 d5 6. cxd5 exd5 7. Bg5 O-O 8.
e3 c6 9. Bd3 Bg4 10. h3 Be6 11. O-O Nbd7 12. Qc2 h6 13. Bh4 Rc8 14. Rac1 Nh5
15. Bxe7 Qxe7 16. Qe2 Nhf6 17. a3 a5 18. Na4 1/2-1/2

[Event "XXXV Festival Conca della Presolana A"]
[Site "Castione della Presolana ITA"]
[Date "2015.08.25"]
[Round "3"]
[White "Pirrello, Christian"]
[Black "Rossini, Fulvio"]
[WhiteElo "1917"]
[BlackElo "1964"]
[Result "1-0"]
[PlyCount "73"]
[EventDate "2015.08.23"]

1. e4 e6 2. d4 d5 3. Nc3 Bb4 4. exd5 exd5 5. Bd3 Ne7 6. Nge2 Nbc6 7. Bf4 O-O 8.
O-O a6 9. Re1 Bf5 10. Bxf5 Nxf5 11. Qd3 Nce7 12. Ng3 Bxc3 13. Qxc3 c6 14. Nxf5
Nxf5 15. Qd3 Qf6 16. Re5 Nd6 17. Bg5 Qg6 18. Be7 Nc4 19. Qxg6 fxg6 20. Bxf8
Nxe5 21. Bxg7 Nf3+ 22. gxf3 Kxg7 23. Re1 Kf6 24. Re5 Rd8 25. f4 Rf8 26. Kg2 Rd8
27. Kf3 Rb8 28. h4 h5 29. f5 g5 30. Re6+ Kxf5 31. Re5+ Kf6 32. hxg5+ Kg6 33.
Kg3 Rf8 34. f4 Rf7 35. Kf3 Rh7 36. Re6+ Kf7 37. g6+ 1-0

[Event "XXXV Festival Conca della Presolana A"]
[Site "Castione della Presolana ITA"]
[Date "2015.08.25"]
[Round "3"]
[White "Prete, Alessandro"]
[Black "Gardi, Giuseppe"]
[WhiteElo "1963"]
[BlackElo "1925"]
[Result "1-0"]
[PlyCount "77"]
[EventDate "2015.08.23"]

1. d4 g6 2. e4 Bg7 3. Nc3 c6 4. Be3 d6 5. Qd2 Nf6 6. Nf3 O-O 7. O-O-O b5 8. Bd3
Nbd7 9. Bh6 b4 10. Ne2 Qa5 11. Kb1 c5 12. Bxg7 Kxg7 13. h4 Ba6 14. Bxa6 Qxa6
15. Ng3 h5 16. Qg5 Rh8 17. e5 Ng8 18. exd6 e6 19. Ne5 Ngf6 20. Nxd7 Nxd7 21.
dxc5 Qc6 22. f3 a5 23. Ne4 f6 24. Qe3 a4 25. Rhe1 b3 26. cxb3 a3 27. bxa3 Rxa3
28. Qc3 e5 29. Qc4 Rha8 30. Re2 Nf8 31. Rc2 Re8 32. Qd5 Ra6 33. Qxc6 Rxc6 34.
b4 Rb8 35. Rb2 f5 36. b5 Rcc8 37. d7 Rd8 38. c6 Nxd7 39. c7 1-0

[Event "XXXV Festival Conca della Presolana A"]
[Site "Castione della Presolana ITA"]
[Date "2015.08.25"]
[Round "3"]
[White "Raselli, Claudio"]
[Black "Gagliardi, Claudio"]
[WhiteElo "1810"]
[BlackElo "1789"]
[Result "0-1"]
[PlyCount "68"]
[EventDate "2015.08.23"]

1. c4 c5 2. g3 Nc6 3. Bg2 g6 4. Nc3 Bg7 5. Nf3 e5 6. O-O Nge7 7. e4 O-O 8. d3
d6 9. Be3 Rb8 10. a3 a5 11. Rb1 Nd4 12. b4 axb4 13. axb4 cxb4 14. Rxb4 Nec6 15.
Rb1 f5 16. exf5 Bxf5 17. Bxd4 exd4 18. Nd5 Qd7 19. Re1 Bg4 20. h3 Bxf3 21. Bxf3
Qf7 22. Nf4 Kh8 23. Bd5 Qd7 24. Be6 Qd8 25. Qg4 Ne5 26. Qe2 g5 27. Nh5 Nf3+ 28.
Kf1 Nxe1 29. Rxe1 Qe7 30. Qg4 Rbe8 31. Re4 h6 32. Bd5 Qc7 33. Rxd4 Be5 34. h4
Qc5 0-1

[Event "XXXV Festival Conca della Presolana A"]
[Site "Castione della Presolana ITA"]
[Date "2015.08.25"]
[Round "3"]
[White "Villa, Claudio"]
[Black "Annicchiarico, Luigi"]
[WhiteElo "1823"]
[BlackElo "1725"]
[Result "1/2-1/2"]
[PlyCount "135"]
[EventDate "2015.08.23"]

1. b3 d5 2. Bb2 Bf5 3. e3 e6 4. d3 Nf6 5. g3 Nbd7 6. Bg2 c6 7. Nf3 Be7 8. O-O
O-O 9. Nbd2 h6 10. c4 Bxd3 11. Re1 Bh7 12. Rc1 Ne4 13. a3 Bf6 14. Bxf6 Ndxf6
15. c5 Qc7 16. b4 Nd7 17. Nb3 Ne5 18. Nxe5 Qxe5 19. f3 Nf6 20. Nd4 Qc7 21. Bh3
Nd7 22. Qb3 e5 23. Nf5 Bxf5 24. Bxf5 g6 25. Bd3 Kg7 26. Qb2 f5 27. f4 Kh7 28.
Rc2 Rf7 29. a4 e4 30. Bf1 Nf8 31. Rd1 Ne6 32. Qb3 Rff8 33. b5 Qd7 34. Kf2 Rac8
35. a5 Rfd8 36. b6 a6 37. Qc3 Qg7 38. Bh3 Qxc3 39. Rxc3 h5 40. Bf1 d4 41. exd4
Nxd4 42. h3 Kg7 43. Bc4 Kf6 44. Rg1 Nf3 45. Rh1 Nd4 46. g4 Ne6 47. gxf5 Kxf5
48. Bxe6+ Kxe6 49. Ke3 Rd3+ 50. Rxd3 exd3 51. Kxd3 Kd5 52. Rg1 Kxc5 53. Rxg6
Rd8+ 54. Kc3 Rd5 55. Rg5 Kd6 56. Kc4 Rxg5 57. fxg5 h4 58. g6 Ke6 59. Kc5 Kf6
60. Kd6 Kxg6 61. Kc7 c5 62. Kxb7 c4 63. Kxa6 c3 64. b7 c2 65. b8=Q c1=Q 66.
Qd6+ Kf5 67. Qd7+ Kg6 68. Qe6+ 1/2-1/2

[Event "XXXV Festival Conca della Presolana A"]
[Site "Castione della Presolana ITA"]
[Date "2015.08.25"]
[Round "3"]
[White "Virzi, Ettore"]
[Black "Lavorgna, Filippo"]
[WhiteElo "1965"]
[BlackElo "1840"]
[Result "1-0"]
[PlyCount "63"]
[EventDate "2015.08.23"]

1. e4 e5 2. Nf3 Nc6 3. Bb5 f5 4. d3 fxe4 5. dxe4 Nf6 6. Nc3 Bb4 7. Qd3 Bxc3+ 8.
bxc3 d6 9. O-O Be6 10. Ng5 Bd7 11. Bc4 Rf8 12. Ne6 Bxe6 13. Bxe6 Qe7 14. Bd5
Nd8 15. Bb3 a6 16. Rb1 b5 17. c4 Ne6 18. Be3 Rb8 19. cxb5 axb5 20. f4 Nxf4 21.
Bxf4 exf4 22. e5 dxe5 23. Rbe1 Qc5+ 24. Kh1 Ng4 25. Qf3 Ne3 26. Qh5+ g6 27.
Qxh7 Nxf1 28. Qxg6+ Kd8 29. Rd1+ Kc8 30. Qa6+ Rb7 31. Qa8+ Rb8 32. Be6# 1-0

[Event "XXXV Festival Conca della Presolana A"]
[Site "Castione della Presolana ITA"]
[Date "2015.08.26"]
[Round "4"]
[White "Annicchiarico, Luigi"]
[Black "Cerutti, Fabio Maria"]
[WhiteElo "1725"]
[BlackElo "1805"]
[Result "1/2-1/2"]
[PlyCount "69"]
[EventDate "2015.08.23"]

1. e4 c5 2. Nf3 d6 3. Bb5+ Bd7 4. Bxd7+ Nxd7 5. c4 Ngf6 6. Nc3 g6 7. d3 Bg7 8.
O-O O-O 9. Ne1 Ne8 10. Bg5 h6 11. Bd2 Nc7 12. Rb1 e5 13. f4 Qe7 14. f5 g5 15.
Nc2 Rfb8 16. Ne3 f6 17. Ned5 Nxd5 18. Nxd5 Qd8 19. b4 Nb6 20. bxc5 Nxd5 21.
cxd5 dxc5 22. a4 Qe8 23. Qc2 Bf8 24. Be3 Qd7 25. Rfc1 Rc8 26. Qb3 Rab8 27. Qb5
Qc7 28. Rb3 Bd6 29. Rbc3 b6 30. Qb3 a6 31. Qc2 Qa7 32. Kf1 a5 33. Rb1 Qd7 34.
Qb3 Kg7 35. Rc2 1/2-1/2

[Event "XXXV Festival Conca della Presolana A"]
[Site "Castione della Presolana ITA"]
[Date "2015.08.26"]
[Round "4"]
[White "Bosio, Devis"]
[Black "Prete, Alessandro"]
[WhiteElo "1971"]
[BlackElo "1963"]
[Result "1/2-1/2"]
[PlyCount "30"]
[EventDate "2015.08.23"]

1. e4 e6 2. d4 d5 3. Nd2 Nf6 4. e5 Nfd7 5. Bd3 c5 6. c3 Nc6 7. Ne2 cxd4 8. cxd4
f6 9. exf6 Nxf6 10. Nf3 Bd6 11. O-O O-O 12. Bf4 Nh5 13. Bxd6 Qxd6 14. Ng3 Nf4
15. Re1 Bd7 1/2-1/2

[Event "XXXV Festival Conca della Presolana A"]
[Site "Castione della Presolana ITA"]
[Date "2015.08.26"]
[Round "4"]
[White "De Marco, Walter"]
[Black "Boccalatte, Piero"]
[WhiteElo "1875"]
[BlackElo "1913"]
[Result "1/2-1/2"]
[PlyCount "41"]
[EventDate "2015.08.23"]

1. b3 d5 2. Bb2 Bf5 3. d3 Nd7 4. Nd2 e5 5. Ngf3 Bd6 6. e4 dxe4 7. Nxe4 Bxe4 8.
dxe4 Ngf6 9. Bd3 O-O 10. O-O Qe7 11. Qe2 Nc5 12. Rad1 Rad8 13. Rfe1 c6 14. Rd2
Nxd3 15. Rxd3 Nh5 16. g3 Bc7 17. Red1 Rxd3 18. Rxd3 Nf6 19. Qe1 Re8 20. c4 a6
21. Nh4 1/2-1/2

[Event "XXXV Festival Conca della Presolana A"]
[Site "Castione della Presolana ITA"]
[Date "2015.08.26"]
[Round "4"]
[White "Di Paolo, Marco"]
[Black "Pirrello, Christian"]
[WhiteElo "1908"]
[BlackElo "1917"]
[Result "1-0"]
[PlyCount "103"]
[EventDate "2015.08.23"]

1. e4 c6 2. Nc3 d5 3. d4 dxe4 4. Nxe4 Nd7 5. Nf3 Ngf6 6. Ng3 e6 7. Bd3 c5 8. c3
cxd4 9. Nxd4 Bc5 10. Nb3 Be7 11. Qe2 O-O 12. Bc2 Qc7 13. Bg5 h6 14. Be3 b6 15.
O-O-O Nc5 16. Rd2 Ba6 17. Qd1 Rfd8 18. Kb1 Rxd2 19. Qxd2 Nxb3 20. axb3 Rd8 21.
Qc1 Ng4 22. Bf4 e5 23. Be3 Nxe3 24. Qxe3 Bg5 25. Qe4 g6 26. Re1 Bf4 27. h4 Bb7
28. Qe2 Rd2 29. Qf1 Bxg3 30. fxg3 Rxg2 31. h5 Rxg3 32. hxg6 fxg6 33. Qf6 Qg7
34. Qe6+ Kh7 35. Rd1 Bc8 36. Qxc8 Rf3 37. Rg1 Rf6 38. Qe8 h5 39. Ka2 Rd6 40.
Rg5 Kh6 41. Rxe5 h4 42. Re7 Qf6 43. Rf7 Qe6 44. Qf8+ Kg5 45. Rf2 h3 46. Qf4+
Kh5 47. Rh2 Rd5 48. Qf3+ Kh4 49. Qf4+ Kh5 50. Bd1+ Rxd1 51. Qf3+ Qg4 52. Rxh3+
1-0

[Event "XXXV Festival Conca della Presolana A"]
[Site "Castione della Presolana ITA"]
[Date "2015.08.26"]
[Round "4"]
[White "Fiscato, Claudio"]
[Black "Raselli, Claudio"]
[WhiteElo "1742"]
[BlackElo "1810"]
[Result "1-0"]
[PlyCount "153"]
[EventDate "2015.08.23"]

1. e4 c5 2. Nf3 e6 3. d4 cxd4 4. Nxd4 a6 5. g3 Nf6 6. Bg2 Qc7 7. O-O Nc6 8. c3
Be7 9. Re1 d6 10. Nxc6 bxc6 11. Nd2 O-O 12. Nb3 Bb7 13. Bf4 e5 14. Bg5 Rfd8 15.
Qc2 d5 16. exd5 cxd5 17. Qf5 e4 18. Qf4 Qxf4 19. Bxf4 Rac8 20. Rad1 Nd7 21. Rd2
g5 22. Be3 Ne5 23. Bd4 Bd6 24. Bxe5 Bxe5 25. Nd4 Bxd4 26. Rxd4 f5 27. Red1 Kf7
28. g4 Re8 29. gxf5 g4 30. Rb4 Rc7 31. Rb6 Re5 32. Bf1 a5 33. Rb5 a4 34. c4
Rxf5 35. cxd5 Rd7 36. Bc4 Kf8 37. b3 axb3 38. axb3 Rf6 39. Rc5 Rfd6 40. Rd4 h5
41. Rxe4 Bxd5 42. Bxd5 Rxd5 43. Rxd5 Rxd5 44. b4 Kf7 45. Kg2 Kf6 46. Rc4 Kg6
47. Rc5 Rd4 48. b5 Rb4 49. h3 gxh3+ 50. Kxh3 Rb3+ 51. Kh4 Rb4+ 52. Kg3 Kh6 53.
f4 Kg6 54. Re5 Rb3+ 55. Kh4 Rb4 56. Kg3 Rb3+ 57. Kf2 h4 58. Kg2 Rg3+ 59. Kh2
Rb3 60. Rg5+ Kf6 61. Rg4 Rxb5 62. Rxh4 Kg6 63. Kg3 Rb3+ 64. Kg4 Rb4 65. Rh8 Kg7
66. Rc8 Kf6 67. Rc6+ Kf7 68. Kg5 Rb7 69. f5 Kg7 70. Rg6+ Kf7 71. Rh6 Rb5 72.
Rh7+ Kg8 73. Rc7 Ra5 74. Kg6 Ra8 75. f6 Rb8 76. Rg7+ Kf8 77. Rh7 1-0

[Event "XXXV Festival Conca della Presolana A"]
[Site "Castione della Presolana ITA"]
[Date "2015.08.26"]
[Round "4"]
[White "Gagliardi, Claudio"]
[Black "Villa, Claudio"]
[WhiteElo "1789"]
[BlackElo "1823"]
[Result "0-1"]
[PlyCount "56"]
[EventDate "2015.08.23"]

1. e4 c6 2. d4 d5 3. e5 Bf5 4. Be3 e6 5. Nd2 Nd7 6. Be2 c5 7. c3 cxd4 8. cxd4
Ne7 9. g4 Bg6 10. h4 h6 11. Ngf3 Qb6 12. h5 Bh7 13. Nb3 Nc6 14. Bd3 Bxd3 15.
Qxd3 Nb4 16. Qd1 Qa6 17. Nc1 Rc8 18. Kd2 Rc2+ 19. Qxc2 Nxc2 20. Kxc2 Bb4 21. a3
O-O 22. g5 Kh7 23. Rg1 Rc8+ 24. Kb1 Bf8 25. Nh4 hxg5 26. Rxg5 Qc4 27. Nf3 Qc2+
28. Ka2 Rc3 0-1